LEADER 00859nam a2200217 4500 001 000000357155 003 CaOOAMICUS 005 20240213095302.0 008 240213s1834 it 000 u ita r 040 $aSeMil$bita 100 11$aMorselli, Andrea.$0(OLS)http://semarc/name/119157 245 10$aCenno storico filosofico sull'architettura /$cdi Andrea Morselli. 264 1$aMilano :$bCoi tipi di Omobono Manini,$c1834. 300 $a140 p. ;$c23 cm 650 4$aArchitettura - Storia.$0(OLS)http://semarc/subject/3373 850 $aSeMil 852 $aSeMil$W1$xVenegono$y1$m5D VIII 19 FA$j246109$B248341$CSeMilBibl$Z2$F248341 $8I 941 1 $a10 996 $6245$aCenno storico filosofico sull'architettura$9(OLS)http://semarc/title/447391 996 $6264$aMilano :$bCoi tipi di Omobono Manini$9(OLS)http://semarc/publisher/61558 LEADER 00844nam a2200229 i 4500 001 000000204468 003 CaOOAMICUS 005 20110727000000.0 008 110727s1970 it u000 u ita u 013 $a183195 040 $aSeMil$bita 100 1 $aAbrate, Mario.$0(OLS)http://semarc/name/39901 245 13$aIl problema storico del fascismo /$cAbrate ... [et al.]. 260 $aFirenze :$bVallecchi,$ccopyr. 1970. 300 $a107 p. ;$c19 cm. 490 0 $aUIPC 650 4$aFascismo.$0(OLS)http://semarc/subject/4130 830 0$aUIPC.$0(OLS)http://semarc/title/33985 850 $aSeMil 852 $aSeMil$W1$xVenegono$y1$m3U I 427$j154962$B154962$CSeMilBibl$Z2$F165813 $81 996 $6245$aIl problema storico del fascismo$9(OLS)http://semarc/title/296229 996 $6260$aFirenze :$bVallecchi$9(OLS)http://semarc/publisher/29768